<?xml version="1.0" encoding="UTF-8"?>
<record
    xmlns:xsi="http://www.w3.org/2001/XMLSchema-instance"
    xsi:schemaLocation="http://www.loc.gov/MARC21/slim http://www.loc.gov/standards/marcxml/schema/MARC21slim.xsd"
    xmlns="http://www.loc.gov/MARC21/slim">

  <leader>00475nam a22001577a 4500</leader>
  <controlfield tag="005">20251117100225.0</controlfield>
  <controlfield tag="008">251117b        |||||||| |||| 00| 0 eng d</controlfield>
  <datafield tag="020" ind1=" " ind2=" ">
    <subfield code="a">979-8-88715-076-5</subfield>
  </datafield>
  <datafield tag="100" ind1=" " ind2=" ">
    <subfield code="a">PARKER, ARNOLD</subfield>
  </datafield>
  <datafield tag="245" ind1=" " ind2=" ">
    <subfield code="a">CRIME AGAINST WOMEN</subfield>
  </datafield>
  <datafield tag="260" ind1=" " ind2=" ">
    <subfield code="a">DUBLIN</subfield>
    <subfield code="b">ORYSON PRESS</subfield>
    <subfield code="c">2023</subfield>
  </datafield>
  <datafield tag="300" ind1=" " ind2=" ">
    <subfield code="a">VIII, 277P.</subfield>
  </datafield>
  <datafield tag="500" ind1=" " ind2=" ">
    <subfield code="a">INCLUDES INDEX</subfield>
  </datafield>
  <datafield tag="650" ind1=" " ind2=" ">
    <subfield code="a">1. WOMEN- CRIMES AGAINST 2. VIOLENCE AGAINST WOMEN 3. SEX CRIMES. 4. CRIMINAL JUSTICE -WOMEN</subfield>
  </datafield>
  <datafield tag="942" ind1=" " ind2=" ">
    <subfield code="2">lcc</subfield>
    <subfield code="c">BK</subfield>
  </datafield>
  <datafield tag="999" ind1=" " ind2=" ">
    <subfield code="c">216191</subfield>
    <subfield code="d">216191</subfield>
  </datafield>
  <datafield tag="952" ind1=" " ind2=" ">
    <subfield code="0">0</subfield>
    <subfield code="1">0</subfield>
    <subfield code="2">lcc</subfield>
    <subfield code="4">0</subfield>
    <subfield code="6">HV62504 W65 P37  02023</subfield>
    <subfield code="7">0</subfield>
    <subfield code="8">SCT</subfield>
    <subfield code="9">373352</subfield>
    <subfield code="a">KSUL</subfield>
    <subfield code="b">KSUL</subfield>
    <subfield code="c">DISPLAY</subfield>
    <subfield code="d">2025-11-17</subfield>
    <subfield code="i">109815</subfield>
    <subfield code="l">0</subfield>
    <subfield code="o">HV 6250.4 .W65P37 2023</subfield>
    <subfield code="p">000000018495</subfield>
    <subfield code="q">2025-11-17</subfield>
    <subfield code="r">2025-11-17 10:05:09</subfield>
    <subfield code="t">C.1</subfield>
    <subfield code="w">2025-11-17</subfield>
    <subfield code="y">BK</subfield>
  </datafield>
  <datafield tag="952" ind1=" " ind2=" ">
    <subfield code="0">0</subfield>
    <subfield code="1">0</subfield>
    <subfield code="2">lcc</subfield>
    <subfield code="4">0</subfield>
    <subfield code="6">HV62504 W65 P37  02023</subfield>
    <subfield code="7">0</subfield>
    <subfield code="8">SCT</subfield>
    <subfield code="9">373353</subfield>
    <subfield code="a">KSUL</subfield>
    <subfield code="b">KSUL</subfield>
    <subfield code="c">DISPLAY</subfield>
    <subfield code="d">2025-11-17</subfield>
    <subfield code="i">109816</subfield>
    <subfield code="l">0</subfield>
    <subfield code="o">HV 6250.4 .W65P37 2023</subfield>
    <subfield code="p">000000018496</subfield>
    <subfield code="q">2025-11-17</subfield>
    <subfield code="r">2025-11-17 10:05:00</subfield>
    <subfield code="t">C.2</subfield>
    <subfield code="w">2025-11-17</subfield>
    <subfield code="y">BK</subfield>
  </datafield>
  <datafield tag="952" ind1=" " ind2=" ">
    <subfield code="0">0</subfield>
    <subfield code="1">0</subfield>
    <subfield code="2">lcc</subfield>
    <subfield code="4">0</subfield>
    <subfield code="6">HV62504 W65 P37  02023</subfield>
    <subfield code="7">0</subfield>
    <subfield code="8">SCT</subfield>
    <subfield code="9">373354</subfield>
    <subfield code="a">KSUL</subfield>
    <subfield code="b">KSUL</subfield>
    <subfield code="c">DISPLAY</subfield>
    <subfield code="d">2025-11-17</subfield>
    <subfield code="i">109817</subfield>
    <subfield code="l">0</subfield>
    <subfield code="o">HV 6250.4 .W65P37 2023</subfield>
    <subfield code="p">000000018497</subfield>
    <subfield code="q">2025-11-17</subfield>
    <subfield code="r">2025-11-17 10:05:00</subfield>
    <subfield code="t">C.3</subfield>
    <subfield code="w">2025-11-17</subfield>
    <subfield code="y">BK</subfield>
  </datafield>
  <datafield tag="952" ind1=" " ind2=" ">
    <subfield code="0">0</subfield>
    <subfield code="1">0</subfield>
    <subfield code="2">lcc</subfield>
    <subfield code="4">0</subfield>
    <subfield code="6">HV62504 W65 P37  02023</subfield>
    <subfield code="7">0</subfield>
    <subfield code="8">SCT</subfield>
    <subfield code="9">373355</subfield>
    <subfield code="a">KSUL</subfield>
    <subfield code="b">KSUL</subfield>
    <subfield code="c">DISPLAY</subfield>
    <subfield code="d">2025-11-17</subfield>
    <subfield code="i">109818</subfield>
    <subfield code="l">0</subfield>
    <subfield code="o">HV 6250.4 .W65P37 2023</subfield>
    <subfield code="p">000000018498</subfield>
    <subfield code="q">2025-11-17</subfield>
    <subfield code="r">2025-11-17 10:05:00</subfield>
    <subfield code="t">C.4</subfield>
    <subfield code="w">2025-11-17</subfield>
    <subfield code="y">BK</subfield>
  </datafield>
</record>
